| 000 | 00904nam a2200265 a 4500 | ||
|---|---|---|---|
| 001 | BRCA_4697 | ||
| 005 | 20190320204753.0 | ||
| 008 | 101208s1691----fr-#---###---#000-0#fre-u | ||
| 041 | _afre | ||
| 044 | _afr | ||
| 050 | 4 |
_aF1230 _b.S65 2 _c1691 |
|
| 100 | 1 |
_aSolis y Rivadeneyra, Antonio de _d1610-1686 _911918 |
|
| 245 | 1 | 0 |
_aHistoire de la conquéte du Mexique, ou de la Nouvelle Espagne _ctraduite de l´espagnol de don Antoine de Solis. |
| 260 |
_aParís _bChez Jeremie Bouillerot _c1691 |
||
| 300 |
_a630 p. _bil. 13 láminas, mapas _c23 cm. |
||
| 500 | _aIncluye índice de las cosas más notables de este libro | ||
| 500 | _aCon ex-libris de: American Chamber of Commerce | ||
| 500 | _aEstado físico: Encuadernación deteriorada | ||
| 500 | _aFondo reservado | ||
| 500 | _aEjemplar igual a B10 | ||
| 500 | _aCG11 | ||
| 651 | 4 |
_aMéxico _xHistoria _9614 |
|
| 902 | _aGFM | ||
| 942 |
_2lcc _cB |
||
| 999 |
_c4397 _d4397 |
||